| 000 | 00469nam a22001577a 4500 | ||
|---|---|---|---|
| 005 | 20251108171022.0 | ||
| 008 | 250721s1997 xx 000 0 ara d | ||
| 082 | 1 | 4 | _a841/بود |
| 100 | 1 |
_aعبد الماجد، عمر _eتعريب |
|
| 245 | 1 | 0 | _aشارل بودلير شاعر الخطيئه و التمرد / |
| 264 | 1 |
_aعمان : _bدارالبشير، _c1997. |
|
| 300 | _a135ص | ||
| 650 | 1 | 7 | _aالشعر الفرنسي |
| 942 |
_2ddc _cBK |
||
| 999 |
_c54517 _d54517 |
||